| 000 | 00610nam a2200193 a 4500 | ||
|---|---|---|---|
| 005 | 20220628073935.0 | ||
| 008 | 091020s1999 mx r 000 0 spa d | ||
| 020 | _a9684932200 | ||
| 035 | _aUPN01000173336 | ||
| 049 | _aCG | ||
| 050 | 4 |
_aPQ9698.16 O4.6 _bG7 |
|
| 100 | 1 |
_aFonseca, Rubem, _d1925- _932033 |
|
| 245 | 1 | 0 |
_aGrandes emociones y pensamientos imperfectos / _cRubem Fonseca ; tr. Hermann Bellinghausen. |
| 260 |
_aMéxico : _bCal y Arena, _c1999. |
||
| 300 | _a278 p. | ||
| 534 |
_pTraducción de: _tVastas emocoes e pensamentos imperfeitos |
||
| 650 | 0 |
_aNovela brasileña _95077 |
|
| 905 | _aLibro | ||
| 999 |
_c145440 _d145440 |
||